| 000 | 01117cab a2200253 4500 | ||
|---|---|---|---|
| 001 | ABS55968 | ||
| 008 | 090401t1996 xxu||||| |||| 00| 0 eng d | ||
| 035 | _a(Sirsi) u20175 | ||
| 041 | _aeng | ||
| 245 | _aHeseldon (Trading as James Shoesmith) v Lancashire CC | ||
| 260 | _c1996 | ||
| 350 | _a0 | ||
| 490 |
_aRating & Valuation Reporter _v[1996] RVR 220-224(5) |
||
| 520 | _aLT 18 March 1996. The claimant had been the proprietor of a business for about 22 years, the premises had been in continuous use as a glaziers for over 121 years. The property was compulsorily purchased by the council. At dispute was the amount of compensation for removal, temporary loss of profit and the unsuitability of premises the claimant moved to. | ||
| 650 | _aCOMPENSATION | ||
| 650 |
_aCompulsory purchase _96228 |
||
| 650 | _aDISTURBANCE | ||
| 650 | _aHESELDON (TRADING AS JAMES SHOESMITH) V LANCASHIRE CC | ||
| 650 | _aLOSS OF PROFITS | ||
| 650 | _aREMOVAL COSTS | ||
| 690 | _aENVIRONMENTAL AND LAND CONSULTANCY-PLANNING AND DEVELOPMENT-COMPULSORY PURCHASE AND COMPENSATION | ||
| 942 | _n0 | ||
| 948 | _c04/03/1997 | ||
| 999 |
_c13520 _d13520 |
||